|
|
|
|
| LEADER |
03233nam a2200685 4500 |
| 001 |
ocn910159962 |
| 003 |
OCoLC |
| 005 |
20170124071809.1 |
| 006 |
m o d |
| 007 |
cr cnu---unuuu |
| 008 |
150527t20152015nju ob 001 0 eng d |
| 040 |
|
|
|a N$T
|b eng
|e rda
|e pn
|c N$T
|d IDEBK
|d N$T
|d DG1
|d E7B
|d CDX
|d YDXCP
|d OCLCF
|d COO
|d OCLCO
|d UMI
|d RECBK
|d DEBSZ
|d TEFOD
|d DEBBG
|d BAL
|d D6H
|d K6U
|d GrThAP
|
| 019 |
|
|
|a 926044898
|a 961695846
|a 962723233
|
| 020 |
|
|
|a 9781118857847
|q electronic bk.
|
| 020 |
|
|
|a 1118857844
|q electronic bk.
|
| 020 |
|
|
|a 9781118857809
|q electronic bk.
|
| 020 |
|
|
|a 1118857801
|q electronic bk.
|
| 020 |
|
|
|a 9781118864876
|q electronic bk.
|
| 020 |
|
|
|a 1118864875
|q electronic bk.
|
| 020 |
|
|
|z 9781118853566
|q (hardcover)
|
| 020 |
|
|
|z 1118853563
|q (hardcover)
|
| 029 |
1 |
|
|a NZ1
|b 16000368
|
| 029 |
1 |
|
|a GBVCP
|b 829921133
|
| 029 |
1 |
|
|a DEBSZ
|b 453344003
|
| 029 |
1 |
|
|a DEBBG
|b BV043615938
|
| 029 |
1 |
|
|a DEBBG
|b BV043397841
|
| 035 |
|
|
|a (OCoLC)910159962
|z (OCoLC)926044898
|z (OCoLC)961695846
|z (OCoLC)962723233
|
| 037 |
|
|
|a CL0500000660
|b Safari Books Online
|
| 037 |
|
|
|a 875A86CE-6DF6-484E-853A-992EEA2517EB
|b OverDrive, Inc.
|n http://www.overdrive.com
|
| 050 |
|
4 |
|a HG4751
|
| 072 |
|
7 |
|a BUS
|x 082000
|2 bisacsh
|
| 072 |
|
7 |
|a BUS
|x 041000
|2 bisacsh
|
| 072 |
|
7 |
|a BUS
|x 042000
|2 bisacsh
|
| 072 |
|
7 |
|a BUS
|x 085000
|2 bisacsh
|
| 082 |
0 |
4 |
|a 658.15224
|
| 049 |
|
|
|a MAIN
|
| 100 |
1 |
|
|a Freedman, David M.,
|e author.
|
| 245 |
1 |
0 |
|a Equity crowdfunding for investors :
|b a guide to risks, returns, regulations, funding portals, due diligence, and deal terms /
|c David M. Freedman and Matthew R. Nutting.
|
| 264 |
|
1 |
|a Hoboken, New Jersey :
|b Wiley,
|c [2015]
|
| 264 |
|
4 |
|c ©2015
|
| 300 |
|
|
|a 1 online resource
|
| 336 |
|
|
|a text
|b txt
|2 rdacontent
|
| 337 |
|
|
|a computer
|b c
|2 rdamedia
|
| 338 |
|
|
|a online resource
|b cr
|2 rdacarrier
|
| 490 |
1 |
|
|a Wiley Finance Series
|
| 504 |
|
|
|a Includes bibliographical references and index.
|
| 588 |
0 |
|
|a Online resource; title from PDF title page (EBSCO, viewed June 1, 2015).
|
| 505 |
0 |
|
|a The Foundations of Online Crowdfunding -- Equity Offering Platforms (under Regulation D) -- Equity Crowdfunding -- Intrastate Equity Crowdfunding -- Deal Flow -- Angel Investors -- Equity Crowdfunding Portals -- How to Invest, Part I: Portfolio Strategy -- How to Invest, Part II: Identify Suitable Offerings -- Equity Crowdfunding Securities -- Deal Terms -- How to Invest, Part III: Due Diligence -- How to Invest, Part IV: Funding and Postfunding -- Liquidity and Secondary Markets.
|
| 650 |
|
0 |
|a Crowd funding.
|
| 650 |
|
7 |
|a BUSINESS & ECONOMICS / Industrial Management
|2 bisacsh
|
| 650 |
|
7 |
|a BUSINESS & ECONOMICS / Management
|2 bisacsh
|
| 650 |
|
7 |
|a BUSINESS & ECONOMICS / Management Science
|2 bisacsh
|
| 650 |
|
7 |
|a BUSINESS & ECONOMICS / Organizational Behavior
|2 bisacsh
|
| 650 |
|
7 |
|a Crowd funding.
|2 fast
|0 (OCoLC)fst01893386
|
| 655 |
|
4 |
|a Electronic books.
|
| 700 |
1 |
|
|a Nutting, Matthew R.,
|e author.
|
| 776 |
0 |
8 |
|i Print version:
|t Equity Crowdfunding for Investors.
|d John Wiley & Sons Inc 2015
|z 9781118853566
|w (OCoLC)893895624
|
| 830 |
|
0 |
|a Wiley finance series.
|
| 856 |
4 |
0 |
|u https://doi.org/10.1002/9781118864876
|z Full Text via HEAL-Link
|
| 994 |
|
|
|a 92
|b DG1
|